Statistics for Every Sea in North America

Click here to take the quiz!

General Stats

  • This quiz has been taken 12 times
  • The average score is 3 of 7

Answer Stats

Sea% Correct
Caribbean
100%
Bering
75%
Labrador
33%
Beaufort
25%
Greenland
25%
Chukchi
17%
Salish
8%

Score Distribution

Percentile by Number Answered

Percent of People with Each Score

Your Score History

You have not taken this quiz